LIBRARY & INFORMATION CENTRE, KCAET, TAVANUR

ONLINE PUBLIC ACCESS CATALOGUE (OPAC)

Theory of mechanisms and machines (Record no. 13703)

MARC details
000 -LEADER
fixed length control field 00295nam a22001217a 4500
020 ## - INTERNATIONAL STANDARD BOOK NUMBER
ISBN 8120002725
082 ## - DEWEY DECIMAL CLASSIFICATION NUMBER
Classification number 621.8
Item number LAL/TH
100 ## - MAIN ENTRY--AUTHOR NAME
Personal name Lal, Jagdish
245 ## - TITLE STATEMENT
Title Theory of mechanisms and machines
260 ## - PUBLICATION, DISTRIBUTION, ETC. (IMPRINT)
Place of publication New Delhi
Name of publisher Metropolitan Book Co. Pvt. Ltd.
Year of publication 2011
300 ## - PHYSICAL DESCRIPTION
Number of Pages 976
942 ## - ADDED ENTRY ELEMENTS (KOHA)
Koha item type Books
Holdings
Withdrawn status Lost status Damaged status Collection code Home library Current library Shelving location Date acquired Source of acquisition Cost, normal purchase price Full call number Accession Number Koha item type
      Non-fiction KAUAET KAUAET General Stacks 31/03/2012 International Books and periodical supply service, New Delhi 350.00 621.8 LAL/TH 23490 Books
      Non-fiction KAUAET KAUAET General Stacks 21/11/2012 CosmoBooks, Calicut 300.00 621.8 LAL/TH 23638 Books
        KAUAET KAUAET General Stacks 30/03/2017 Vigyan Books, Delhi 350.00 621.8 LAL/TH 25387 Books
        KAUAET KAUAET General Stacks 30/03/2017 Vigyan Books, Delhi 350.00 621.8 LAL/TH 25388 Books
        KAUAET KAUAET General Stacks 30/03/2017 Vigyan Books, Delhi 350.00 621.8 LAL/TH 25389 Books
free website counter